Music Quiz

Random Music or Rock Quiz

Band Name Pictograms II Quiz Stats

 Plays Quiz Updated Nov 25, 2015

Support Sporcle.
Go Orange.
Score 0/15 Timer 05:00
1 Play Today
% Correct
The White Stripes
94.4%
Green Day
94.4%
The Beach Boys
89.6%
Pink Floyd
84.1%
Deep Purple
80.9%
Talking Heads
79.3%
Motörhead
78.1%
Jefferson Airplane
76.3%
% Correct
Sex Pistols
72.4%
Dead Kennedys
72%
New York Dolls
45.9%
Joy Division
41.5%
Cheap Trick
28%
AC/DC
26.8%
King Crimson
12%

From the Vault

Most Populous US States Minefield

by glowinthedark

Every state you go to, there are just Americans everywhere.
Remove Ads.
Support Sporcle.
Get the best of Sporcle when you Go Orange. This ad-free experience offers more features, more stats, and more fun while also helping to support Sporcle. Thank you for becoming a member.

Show Comments

Extras

Top Quizzes Today


Score Distribution

Your Account Isn't Verified!

In order to create a playlist on Sporcle, you need to verify the email address you used during registration. Go to your Sporcle Settings to finish the process.

Report this User

Report this user for behavior that violates our Community Guidelines.

Details: